<Das> elektronische Gründungsverfahren der GmbH Checkliste

Stručná informácia o spustení elektronického podpisu v podnikaní v roku 2010.

Gespeichert in:
Bibliographische Detailangaben
1. Verfasser: Slezáková, Andrea, 1980-
Format: Buchkapitel
Sprache:Deutsch
Schlagworte:
Tags: Tag hinzufügen
Keine Tags, Fügen Sie das erste Tag hinzu!

MARC

LEADER 00000naa a2200000 4500
001 0277951
005 20220628092109.4
041 0 |a ger 
044 |a AT 
245 1 0 |a <Das> elektronische Gründungsverfahren der GmbH  |b Checkliste  |c Andrea Slezáková 
520 |a Stručná informácia o spustení elektronického podpisu v podnikaní v roku 2010. 
610 2 0 |a založenie podniku 
610 2 0 |a kontrola 
610 2 0 |a služby elektronické 
610 2 0 |a podpis elektronický 
100 1 |a Slezáková, Andrea, 1980-